00757nam a2200181 i 450000100060000000300090000600500170001500700030003200800410003508000390007610000440011524501870015926000850034630000210043160000360045271000630048885200240055117763ES-MaACL20250925063030.0t|010521s1904 sp ||||1| spa d a929 Concha Castañeda, Juan de la1 aSanz y Escartín, Eduardo, d1855-193910aNecrología del Excmo. Sr. D. Juan de la Concha Castañeda ... individuo ... de la Real Academia de Ciencias Morales y Políticas / cleída .. por ... Eduardo Sanz y Escartín. aMadrid : b[s.n.], c1904 (fImp. del Asilo de Huérfanos del S. C. de Jesús) a23 p. ; c27 cm.14aConcha Castañeda, Juan de la.2 aReal Academia de Ciencias Morales y Políticas (España) aES-MaACLj2165-F-20